Code for the measurement of building work in small dwelling houses, authorised by agreement between the Institution and The National Federation of Building Trades Employers (Record no. 95127)

MARC details
000 -LEADER
fixed length control field 00647cam a2200193 4500
001 - CONTROL NUMBER
control field D2342
008 - FIXED-LENGTH DATA ELEMENTS--GENERAL INFORMATION
fixed length control field 090401t1945 xxu||||| |||| 00| 0 eng d
035 ## - SYSTEM CONTROL NUMBER
System control number (Sirsi) u68652
041 ## - LANGUAGE CODE
Language code of text/sound track or separate title eng
050 ## - LIBRARY OF CONGRESS CALL NUMBER
Classification number 692.3
110 ## - MAIN ENTRY--CORPORATE NAME
Corporate name or jurisdiction name as entry element The Chartered Surveyors` Institution
9 (RLIN) 2150
245 ## - TITLE STATEMENT
Title Code for the measurement of building work in small dwelling houses, authorised by agreement between the Institution and The National Federation of Building Trades Employers
260 ## - PUBLICATION, DISTRIBUTION, ETC.
Place of publication, distribution, etc. London
Name of publisher, distributor, etc. The Chartered Surveyors` Institution/NFB
Date of publication, distribution, etc. 1945
300 ## - PHYSICAL DESCRIPTION
Extent 32p. 21cm
350 ## - PRICE (NR) (BK AM CF MU VM SE) [OBSOLETE]
Price 0.25
520 ## - SUMMARY, ETC.
Summary, etc. Filed at SMM 1945/1B
942 ## - ADDED ENTRY ELEMENTS (KOHA)
Suppress in OPAC 0
948 ## - LOCAL PROCESSING INFORMATION (OCLC); SERIES PART DESIGNATOR (RLIN)
c (OCLC) 04/03/1997
Holdings
Withdrawn status Lost status Source of classification or shelving scheme Damaged status Not for loan Home library Current library Shelving location Date acquired Cost, normal purchase price Total Checkouts Full call number Barcode Date last seen Copy number Cost, replacement price Price effective from Koha item type
    Other/Generic Classification Scheme     London London Gallery 15/01/1992 0.25   SMM 1945/1 30032174 06/08/2019 1 0.25 06/08/2019 Reference material